000 00984nas a2200337 4500
001 BR0501226
003 BR-BrBNA
005 20231205105215.0
007 ta
008 230509b bl.|||p| |||| 00| 00por d
040 _aBR-BrBNA
_bpor
_cBiblioteca Nacional de Agricultura
041 _a(Pt)
072 _aL70
100 1 _aSilva, L.C.
100 1 _aTakiuchi, E.
100 1 _aMédici, K.C.
100 1 _aAlfieri, A.F.
100 1 _aAlfieri, A.A.
245 1 _aEfeito do dimetildioctadecilamônio na resposta imune humoral e celular de cobaios
650 _aBOVINO
650 _aHERPESVÍRUS
650 _aIMUNOLOGIA
650 _aCOBAIA
650 _aVACINA
650 _aANTICORPO
650 _aVETERINÁRIA PREVENTIVA
650 _aINOCULAÇÃO
773 0 _tArquivo Brasileiro de Medicina Veterinária e Zootecnia (Brazil)
_xISSN 0102-0935
_g(Jun 2004), v. 56(3) p. 333-339
_wBR0501226
909 _a202311
_bLúcia
_c55
_dLúcia Elande
942 _2AGRIS
_n0
_cANA
999 _c181768
_d181768